Normal view
MARC view
Entry Topical Term
001 - CONTROL NUMBER
- control field: 36370
003 - CONTROL NUMBER IDENTIFIER
- control field: OSt
005 - DATE AND TIME OF LATEST TRANSACTION
- control field: 20230303143420.0
008 - FIXED-LENGTH DATA ELEMENTS
- fixed length control field: 230303|| aca||aabn | a|a d
040 ## - CATALOGING SOURCE
- Original cataloging agency: OSt
- Transcribing agency: OSt
150 ## - HEADING--TOPICAL TERM
- Topical term or geographic name entry element: Amrit Kaal, Anusandhan (research), Atmarnirbhar (selfreliant), Drone Hub-2030, India, UAS.
670 ## - SOURCE DATA FOUND
- Source citation: Work cat.: (OSt): Narang, R.K. 36369, ‘Anusandhan’-led ‘Atmanirbhar’ UAS industry in India
